000 01032nam a22002657a 4500
005 20180522155428.0
010 _aENG-97779 B-430979
020 _a9780198067924
_c295.00
020 _a0195678346
_c295.00
035 _aEN-81312 B-430979, B-225832
037 _bDBAD/PUB
037 _bAllied Pub/Ven
082 _a921
100 _aGooptu, Suparna
245 _aCornelia Sorabji :
_bIndia’s pioneer woman lawyer /
_cby Suparna Gooptu
260 _aNew Delhi
_bOxford University Press
_c2010
270 _aYMCA Library Building, Jai Singh Road
_bNew Delhi
_e110001
300 _axxvii, 241p.:
_bill.
_c22cm (pbk)
500 _aIncludes bibliographical references (p. [213]-223) and index.
600 _aSorabji, Cornelia.
650 _aWomen social reformers
_vBiography.
_zIndia
650 _aWomen lawyers
_vBiography.
_zIndia
942 _2ddc
_cEN
_h921
_mSOR
999 _c38876
_d38876